Les 11 communes de France commençant par "Saint" les plus peuplées - Statistiques

Statistiques générales
  • Ce quiz a été pris 183 fois
  • Le résultat moyen est 6 sur 11
Statistiques - réponses
Nombre d'habitants Commune % Correct
174 082 Saint-Étienne
90%
113 116 Saint-Denis
85%
153 001 Saint-Denis (la Réunion)
85%
104 301 Saint-Paul (la Réunion)
58%
83 930 Saint-Pierre (la Réunion)
56%
71 887 Saint-Nazaire
42%
51 547 Saint-Ouen-sur-Seine
32%
53 100 Saint-Quentin
31%
53 744 Saint-Louis (la Réunion)
28%
56 857 Saint-André (la Réunion)
23%
74 520 Saint-Maur-des-Fossés
20%
Aucun quiz correspondant
Distribution des résultats
% des personnes avec chaque résultat
Percentile par nombre de réponses
Votre historique - résultats
Vous n’avez pas pris ce quiz